[Event "AUTO-OPEN-4218"]
[Site "http://www.queenalice.com/game.php?id=1629184"]
[Date "2020.10.6"]
[Round "1"]
[White "Thot"]
[Black "toumba"]
[Result "0-1"]
[WhiteElo "1003"]
[BlackElo "1718"]

1. d4 g6 2. Nf3 Bg7 3. h4 c5 4. dxc5 Na6 5. Be3 Bxb2 6. Nbd2 Bxa1 7. Qxa1 Nf6 8.
Bg5 Nxc5 9. Ne5 d6 10. Nec4 Bf5 11. e3 h5 12. Rh3 Bxh3 13. gxh3 Kf8 14. f4 b5
15. Ne5 dxe5 16. fxe5 Nfe4 17. e6 Qxd2# 0-1

[Event "Let's Play Chess!"]
[Site "http://www.queenalice.com/game.php?id=1636178"]
[Date "2020.12.12"]
[Round "-"]
[White "toumba"]
[Black "ulisses67"]
[Result "1-0"]
[WhiteElo "1761"]
[BlackElo "1452"]

1. c4 Nc6 2. Nc3 e6 3. e4 Qh4 4. Nf3 Qf6 5. d4 h6 6. Be3 Bb4 7. Bd3 d6 8. O-O e5
9. Nd5 Qd8 10. a3 exd4 11. Nxd4 1-0

[Event "Let's Play Chess!"]
[Site "http://www.queenalice.com/game.php?id=1636179"]
[Date "2020.12.12"]
[Round "-"]
[White "alterego"]
[Black "toumba"]
[Result "0-1"]
[WhiteElo "1720"]
[BlackElo "1770"]

1. d4 d5 2. c4 c6 3. g3 Nf6 4. Bg2 dxc4 5. Nc3 Nbd7 6. Nf3 e6 7. O-O Be7 8. e4
O-O 9. e5 Nd5 10. Qc2 Nxc3 11. bxc3 b5 12. Be3 Bb7 13. Rad1 Qc7 14. Bg5 Bxg5 15.
Nxg5 g6 16. f4 c5 17. Bxb7 Qxb7 18. Ne4 cxd4 19. Rxd4 Qc7 20. Qg2 Kg7 21. Qh3 h6
22. g4 Rad8 23. g5 h5 24. Ng3 Nxe5 25. Rxd8 Rxd8 26. fxe5 Qxe5 27. Kg2 Qxg5 28.
Kh1 Rd3 29. Qg2 h4 30. Ne4 Qxg2+ 31. Kxg2 Re3 32. Ng5 f6 33. Nh3 Rxc3 34. Nf4
Kf7 35. Ne2 Rc2 36. Kf3 Rxa2 37. h3 b4 38. Nd4 e5 39. Nc6 b3 40. Kg4 Ke6 41.
Kxh4 b2 42. Nd8+ Kd5 43. Rd1+ Ke4 44. Nc6 Ra1 0-1

[Event "Let's Play Chess!"]
[Site "http://www.queenalice.com/game.php?id=1636411"]
[Date "2020.12.13"]
[Round "-"]
[White "toumba"]
[Black "bobifixer"]
[Result "0-1"]
[WhiteElo "1938"]
[BlackElo "2090"]

1. d4 d5 2. Nf3 Nf6 3. g3 g6 4. Bg2 Bg7 5. O-O O-O 6. b3 b6 7. Bb2 Bb7 8. Nbd2
Nbd7 9. Ne5 Rc8 10. f4 e6 11. Qe1 c5 12. Rc1 Nxe5 13. dxe5 Ng4 14. e3 Qd7 15. h3
Nh6 16. c4 dxc4 17. Bxb7 Qxb7 18. Nxc4 Rcd8 19. Qf2 Nf5 20. g4 Ne7 21. Nd6 Qa6
22. Ne4 Qd3 23. Nf6+ Kh8 24. Rfe1 Qd2 25. Re2 Qd3 26. Rc3 Qb1+ 27. Kh2 Rd1 28.
Rec2 Rfd8 29. Bc1 Nd5 30. Nxd5 R8xd5 31. g5 R5d3 32. Rxd3 Rxd3 33. Rd2 Rxd2 34.
Qxd2 h6 35. h4 hxg5 36. hxg5 Bf8 37. Qc3 Qxa2+ 38. Bb2 Qa6 39. Qe1 Qd3 40. Qc3
Qxc3 41. Bxc3 Be7 42. Kg2 Kg8 43. Kf3 Kf8 44. Ke4 Ke8 45. Kd3 b5 46. Bd2 Kd7 47.
e4 Bd8 48. Be3 Kc6 49. Kc3 a5 50. Bc1 Bb6 51. Bd2 Bc7 52. Bc1 a4 53. bxa4 bxa4
54. Kc4 Ba5 55. Ba3 Bd2 56. f5 Bxg5 57. Bxc5 gxf5 58. exf5 exf5 0-1

[Event "Let's Play Chess!"]
[Site "http://www.queenalice.com/game.php?id=1639468"]
[Date "2021.1.11"]
[Round "-"]
[White "charles31"]
[Black "toumba"]
[Result "0-1"]
[WhiteElo "1810"]
[BlackElo "1840"]

1. Nc3 b6 2. Nf3 Bb7 3. e4 e6 4. d4 Nf6 5. e5 Ne4 6. Bd2 d6 7. Nxe4 Bxe4 8. Bc3
d5 9. Bd3 Bg6 10. Bxg6 hxg6 11. Qd2 c5 12. dxc5 bxc5 13. b3 Nc6 14. h3 Be7 15.
a3 d4 16. Bb2 Qd5 17. Qe2 O-O 18. c4 Qd7 19. Qd2 Rab8 20. Qd3 Qc7 21. Bc1 Nxe5
22. Qc2 Nxf3+ 23. gxf3 Qe5+ 24. Qe2 Qxe2+ 25. Kxe2 Rxb3 26. Rd1 Bf6 27. f4 d3+
28. Kf1 Bxa1 0-1

[Event "Let's Play Chess!"]
[Site "http://www.queenalice.com/game.php?id=1639532"]
[Date "2021.1.11"]
[Round "-"]
[White "Clemente09"]
[Black "toumba"]
[Result "0-1"]
[WhiteElo "863"]
[BlackElo "1806"]

1. d4 d5 2. c4 c6 3. Bg5 Nf6 4. cxd5 cxd5 5. Nc3 Nc6 6. Bf4 Bf5 7. Nb5 Rc8 8. e3
a6 9. Nc7+ Rxc7 10. Bxc7 Qxc7 11. Qf3 e6 12. Ne2 Nb4 13. Rc1 Nd3+ 14. Kd2 Nxc1
15. Nxc1 Bb4+ 16. Ke2 Qc2# 0-1

[Event "Let's Play Chess!"]
[Site "http://www.queenalice.com/game.php?id=1639550"]
[Date "2021.1.11"]
[Round "-"]
[White "toumba"]
[Black "alterego"]
[Result "1-0"]
[WhiteElo "1864"]
[BlackElo "1746"]

1. e4 c5 2. c3 Nf6 3. e5 Nd5 4. d4 e6 5. f4 a6 6. Nf3 Be7 7. g3 O-O 8. Bc4 b5 9.
Bxd5 exd5 10. Be3 c4 11. O-O d6 12. Nbd2 Nd7 13. exd6 Bxd6 14. Ne5 Nxe5 15. dxe5
Bc7 16. Bd4 Bh3 17. Rf2 h6 18. Qh5 Be6 19. f5 Bd7 20. f6 Kh7 21. fxg7 Kxg7 22.
e6+ Kh7 23. Rxf7+ Rxf7 24. Qxf7# 1-0

[Event "Let's Play Chess!"]
[Site "http://www.queenalice.com/game.php?id=1639551"]
[Date "2021.1.12"]
[Round "-"]
[White "Carlos19"]
[Black "toumba"]
[Result "0-1"]
[WhiteElo "1452"]
[BlackElo "1802"]

1. e4 e5 2. Nf3 Nc6 3. Bb5 a6 4. Bxc6 dxc6 5. Nxe5 Qd4 6. Nf3 Qxe4+ 7. Qe2 Qxe2+
8. Kxe2 Bf5 9. Nd4 Bg6 10. c4 O-O-O 11. Nf3 Bd3+ 12. Ke3 Bc5+ 13. Kf4 f6 14. Re1
g5+ 15. Kg4 h5+ 16. Kg3 h4+ 17. Kg4 Nh6+ 18. Kh5 Bf5 19. Re7 Nf7# 0-1

[Event "Let's Play Chess!"]
[Site "http://www.queenalice.com/game.php?id=1639552"]
[Date "2021.1.11"]
[Round "-"]
[White "toumba"]
[Black "askasl159"]
[Result "1-0"]
[WhiteElo "1806"]
[BlackElo "1876"]

1. e4 e5 2. d4 f6 3. dxe5 Bc5 4. exf6 g6 5. f7+ Kxf7 6. Bc4+ Kg7 7. Qd5 Qe7 8.
Bf4 Nf6 9. Qe5 Qxe5 10. Bxe5 d6 11. Bxf6+ Kxf6 12. Ne2 Re8 13. f3 Be6 14. Bxe6
Rxe6 15. Nbc3 c6 16. O-O-O Be3+ 17. Kb1 Nd7 18. Nd4 Bxd4 19. Rxd4 c5 20. Rd2
Rae8 21. Nd5+ Kf7 22. Nc7 R8e7 23. Nxe6 Rxe6 24. Rhd1 Ke7 25. c4 Ne5 26. b3 g5
27. Rf2 a6 28. g3 h5 29. f4 gxf4 30. gxf4 Ng4 31. Re2 Kf6 32. h3 Nh6 33. e5+
dxe5 34. fxe5+ 1-0

[Event "Let's Play Chess!"]
[Site "http://www.queenalice.com/game.php?id=1639697"]
[Date "2021.1.12"]
[Round "-"]
[White "toumba"]
[Black "Reddaz"]
[Result "1-0"]
[WhiteElo "1926"]
[BlackElo "1923"]

1. e4 c5 2. c3 d6 3. d4 cxd4 4. cxd4 Nf6 5. Nc3 a6 6. Nf3 Bg4 7. Be2 Nbd7 8. O-O
g6 9. h3 Bxf3 10. Bxf3 Bg7 11. Be3 O-O 12. Qd2 Rc8 13. Bh6 Nb6 14. Bxg7 Kxg7 15.
Qe2 Qd7 16. Rfd1 Rfe8 17. e5 Ng8 18. Bg4 e6 19. Ne4 Nc4 20. b3 Na3 21. Nxd6 Rc2
22. Nxe8+ Qxe8 23. Rd2 Rxd2 24. Qxd2 Ne7 25. Bf3 b5 26. Rc1 Nd5 27. Bxd5 exd5
28. Qb4 1-0

[Event "Let's Play Chess!"]
[Site "http://www.queenalice.com/game.php?id=1639698"]
[Date "2021.1.12"]
[Round "-"]
[White "Reddaz"]
[Black "toumba"]
[Result "1-0"]
[WhiteElo "1935"]
[BlackElo "1928"]

1. e4 b6 2. d4 Bb7 3. Bd3 e6 4. c4 d6 5. Nc3 g6 6. Nf3 Bg7 7. Bg5 Ne7 8. O-O Nd7
9. Re1 h6 10. Bf4 O-O 11. Qd2 Kh7 12. Rad1 Nc6 13. a3 e5 14. Be3 exd4 15. Nxd4
Nxd4 16. Bf1 Ne6 17. f3 Qe7 18. Nd5 Bxd5 19. cxd5 Nec5 20. b4 Nb7 21. Rc1 Ne5
22. Be2 f5 23. exf5 gxf5 24. f4 Ng4 25. Bxg4 fxg4 26. Qd3+ Kh8 27. Qa6 Nd8 28.
Bxb6 Qf6 29. Be3 Qf5 30. Rxc7 Nf7 31. Rxa7 Rxa7 32. Qxa7 h5 33. Qe7 Qd3 34. Bf2
Qxd5 35. Qe2 1-0

[Event "Challenge"]
[Site "http://www.queenalice.com/game.php?id=1640323"]
[Date "2021.1.17"]
[Round "-"]
[White "toumba"]
[Black "askasl159"]
[Result "1-0"]
[WhiteElo "1882"]
[BlackElo "1918"]

1. d4 d5 2. e4 c6 3. e5 c5 4. c3 e6 5. Be3 b6 6. f4 f6 7. Nh3 fxe5 8. fxe5 h6 9.
Qh5+ Kd7 10. Bb5+ Kc7 11. O-O Ba6 12. Bxa6 Nxa6 13. Na3 cxd4 14. cxd4 Bxa3 15.
bxa3 Ne7 16. Rf7 Kb8 17. Nf4 Nc7 18. Rc1 1-0

[Event "Let's Play Chess!"]
[Site "http://www.queenalice.com/game.php?id=1643384"]
[Date "2021.2.12"]
[Round "-"]
[White "edkgpp"]
[Black "toumba"]
[Result "1-0"]
[WhiteElo "2145"]
[BlackElo "1925"]

1. e4 e5 2. f4 exf4 3. Nf3 Ne7 4. d4 Ng6 5. Nc3 Be7 6. h4 Nxh4 7. Bxf4 Nxf3+ 8.
Qxf3 Nc6 9. O-O-O d6 10. Bc4 Bd7 11. a3 Bg5 12. Bxf7+ Kf8 13. Ba2 Bxf4+ 14.
Qxf4+ Qf6 15. Qg3 Ke8 16. Nd5 Qd8 17. Qxg7 1-0

[Event "Let's Play Chess!"]
[Site "http://www.queenalice.com/game.php?id=1644268"]
[Date "2021.2.20"]
[Round "-"]
[White "toumba"]
[Black "igorjava"]
[Result "0-1"]
[WhiteElo "1833"]
[BlackElo "1969"]

1. d4 d5 2. Nf3 e6 3. e3 c5 4. c3 Nc6 5. Bd3 c4 6. Bc2 Nf6 7. Nbd2 Bd6 8. O-O
O-O 9. e4 b5 10. e5 Bxe5 11. Nxe5 Qc7 12. Ng4 Nd7 13. Qf3 f5 14. Ne3 Nf6 15. h3
Ne4 16. Nxe4 dxe4 17. Qh5 Ne7 18. a4 Bd7 19. axb5 Bxb5 20. Ba4 Qb6 21. Bxb5 Qxb5
22. f3 exf3 23. Qxf3 Nd5 24. Nxd5 exd5 25. Qh5 Qd7 26. Bf4 Rae8 27. Be5 Rb8 28.
Rf2 Rb6 29. Raf1 g6 30. Qh4 a6 31. Kh1 Rf7 0-1

[Event "Let's Play Chess!"]
[Site "http://www.queenalice.com/game.php?id=1644269"]
[Date "2021.2.20"]
[Round "-"]
[White "igorjava"]
[Black "toumba"]
[Result "1-0"]
[WhiteElo "1958"]
[BlackElo "1844"]

1. e4 d5 2. exd5 Qxd5 3. Nc3 Qa5 4. Nf3 Nf6 5. b3 c6 6. Bb2 Bg4 7. Be2 e6 8. a3
Be7 9. O-O Nbd7 10. Nd4 Bxe2 11. Ndxe2 h5 12. d3 h4 13. h3 Qg5 14. Ne4 Nxe4 15.
dxe4 O-O-O 16. Qe1 Bf6 17. Bxf6 gxf6 18. b4 Rdg8 19. g4 hxg3 20. fxg3 Rxh3 21.
Kg2 Qh5 22. Nf4 Rgxg3+ 23. Qxg3 Rxg3+ 24. Kxg3 Qg5+ 25. Kf3 Ne5+ 26. Ke3 Ng6 27.
c4 Nxf4 28. Rxf4 e5 29. Rf1 exf4+ 30. Rxf4 Kd7 31. Kf3 1-0

[Event "Challenge"]
[Site "http://www.queenalice.com/game.php?id=1645905"]
[Date "2021.3.7"]
[Round "-"]
[White "noroc"]
[Black "toumba"]
[Result "1-0"]
[WhiteElo "2115"]
[BlackElo "1912"]

1. d4 d5 2. Nf3 e6 3. e3 f5 4. c4 c6 5. Bd3 Nf6 6. O-O Be7 7. a3 a5 8. Nc3 O-O
9. Bd2 Ne4 10. Be1 Nd7 11. Ne2 1-0